000 00527nam a2200229Ia 4500
003 0100
008 130307s9999 xx 000 0 und d
020 _a002365810X
040 _cARRUPELIB
050 _aB121.K56 1985
100 _aKoller, John M
245 _aOriental philosophies
250 _a2nd ed.
260 _aNew York
260 _bCharles Scribner's sons
260 _c1985
300 _a369p.
300 _b23cm
650 _bCatholic Church--Doctrines
650 _cTheology, Doctrinal
942 0 0 _01
999 _c93150
_d93150